Centre for Housing Policy (Record no. 119538)

MARC details
000 -LEADER
fixed length control field 00804cam a2200217 4500
001 - CONTROL NUMBER
control field WS107410
008 - FIXED-LENGTH DATA ELEMENTS--GENERAL INFORMATION
fixed length control field 000000n 000 0 eng u
035 ## - SYSTEM CONTROL NUMBER
System control number (Sirsi) u107410
110 ## - MAIN ENTRY--CORPORATE NAME
Corporate name or jurisdiction name as entry element Centre for Housing Policy
9 (RLIN) 2321
245 ## - TITLE STATEMENT
Title Centre for Housing Policy
520 ## - SUMMARY, ETC.
Summary, etc. Based at York University, this is a leading academic and policy research unit. Currently pages include news about the organisation and details of its research, also the University of York Rent Index.
650 ## - SUBJECT ADDED ENTRY--TOPICAL TERM
Topical term or geographic name entry element RENT INDEX
650 ## - SUBJECT ADDED ENTRY--TOPICAL TERM
Topical term or geographic name entry element HOMELESSNESS
650 ## - SUBJECT ADDED ENTRY--TOPICAL TERM
Topical term or geographic name entry element OWNER-OCCUPATION
650 ## - SUBJECT ADDED ENTRY--TOPICAL TERM
Topical term or geographic name entry element PRIVATE RENTED SECTOR
650 ## - SUBJECT ADDED ENTRY--TOPICAL TERM
Topical term or geographic name entry element SOCIAL HOUSING
650 ## - SUBJECT ADDED ENTRY--TOPICAL TERM
Topical term or geographic name entry element RESIDENTIAL
690 ## - LOCAL SUBJECT ADDED ENTRY--TOPICAL TERM (OCLC, RLIN)
Topical term or geographic name as entry element HOUSING
856 40 - ELECTRONIC LOCATION AND ACCESS
Uniform Resource Identifier <a href="https://www.york.ac.uk/inst/chp">https://www.york.ac.uk/inst/chp</a>
Public note View the website free of charge at www.york.ac.uk/inst/chp...
942 ## - ADDED ENTRY ELEMENTS (KOHA)
Suppress in OPAC 0
Holdings
Withdrawn status Lost status Source of classification or shelving scheme Damaged status Not for loan Home library Current library Shelving location Date acquired Total Checkouts Full call number Barcode Date last seen Copy number Price effective from Koha item type
    Dewey Decimal Classification     Virtual Virtual Online 31/07/2000   WEB SITE 107410-2001 06/08/2019 1 06/08/2019 Online material